000 01154nam a2200313 i 4500
003 DO-SdBNP
005 20260518143425.0
007 ta
008 260514b2024 dr ||||| |||| 00| 0 spa d
020 _a9789945801262
040 _aDO-SdBNP
_bspa
_cBNPHU
_erda
041 _aspa
082 _axxx
_bA346k
_222
100 _aAlcalá Neumann, Carlos Miguel,
_d1982-
_eautor
_4aut.
_989574
245 1 0 _aKreyól louvri pót la :
_b(el criollo abre la puerta) libro didáctico español-kreyól /
_cCarlos Miguel Alcalá Neumann.
250 _aPrimera edición
264 _aSanto Domingo :
_beditor no identificado,
_c2024.
300 _a291 páginas :
_bIlustraciones, tablas ;
_c32 cm.
336 _atexto
_btxt
_2rdacontent
337 _asin mediación
_bn
_2rdamedia
338 _avolumen
_bnc
_2rdacarrier
500 _aIncluye datos biográficos del autor en la contracubierta
504 _aBibliografía: página 201
590 _ainventariado por A/G
700 1 _aBaron, Myrlene,
_erevisión y corrección
_989575
_4corr.
700 1 _aFemine, Eugene
_erevision y correccion
_989576
_4corr.
910 _aAdalgisa González
942 _2ddc
_cLBS1
999 _c60748
_d60748